| 000 | 00600cam a2200193 a 4500 | ||
|---|---|---|---|
| 999 |
_c6718 _d6718 |
||
| 001 | 1268 | ||
| 003 | BD-DhUAP | ||
| 005 | 20210117093642.0 | ||
| 008 | 210103s1994 nyu 000 1 eng | ||
| 040 |
_aDLC _cDLC _dBD-DhUAP _beng |
||
| 082 |
_a338.95492 BAN _223 |
||
| 245 | 1 | 2 |
_aBangladesh : _bfrom stabilization to growth. |
| 260 |
_aWashington D.C. : _bThe World Bank, _cc1994. |
||
| 300 |
_axii, 239 pages ; _c28 cm. |
||
| 490 |
_aDocument of the World Bank ; _vReport no. 12724-BD. |
||
| 650 |
_aStructural adjustment (Economic policy) _zBangladesh. |
||
| 710 | _aThe World Bank. | ||
| 942 |
_2ddc _cBK |
||